01094nam a2200253 i 450000100060000000300090000600500170001500700030003200800410003508000370007610000320011324501520014526000810029730000420037860000480042065500480046870000330051670000430054971000810059285200210067394200080069499900170070295201210071973967ES-MaACL20230906171956.0t|040914s1982 sp ||||1| spa d a75 González, Gonzalo (083.824)1 aGonzález, Gonzalo.95831710aGonzalo González : b[exposición: Sala de Arte y Cultura de La Laguna, 28 septiembre-15 octubre, 1982] / cEduardo Westerdahl, Carlos E. Pinto. aSanta Cruz de Tenerife : bCaja General de Ahorros y Monte de Piedad,c1982. a85 p., 19 lám. col. y n. ; c21 cm.14aGonzález, Gonzalo-vExposiciones.9172831 72tgfbne9193628aCatálogos de exposiciones1 aWesterdahl, Eduardo.91165571 aPinto Trujillo, Carlos Eduardo.9922352 aCaja General de Ahorros y Monte de Piedad de Santa Cruz de Tenerife.9172796 aES-MaACLjL-4321 2udc c73967d73967 00104070aATENEOMbATENEOMcDEPO2d2008-01-17eSCl0oL-4321p1077424r2023-02-23 00:00:00w2023-02-23yMONOGRAFIA